000 01615nam a2200361 a 4500
001 vtls003197817
003 MY-SjTCS
005 20200306170016.0
006 m u
007 cr cn|||||||||
008 100712s2006 dcua sb 000 0 eng d
035 _a(CaPaEBR)ebr10302923
039 9 _y201007121717
_zVLOAD
040 _aCaPaEBR
_cCaPaEBR
043 _ae-bu---
050 1 4 _aRA413.5.B9
_bM37 2006eb
100 1 _aMarkova, Nora.
_9276894
245 1 0 _aHow does the introduction of health insurance change the equity of health care provision in Bulgaria?
_h[electronic resource] /
_cprepared by Nora Markova.
260 _a[Washington, D.C.] :
_bInternational Monetary Fund, IMF Institute,
_c2006.
300 _a39 p. :
_bill. ;
_c28 cm.
440 0 _aIMF working paper ;
_vWP/06/285
_9100700
500 _a"December 2006."
504 _aIncludes bibliographical references (p. 36-39).
529 _aTSLHHL
533 _aElectronic reproduction.
_bPalo Alto, Calif. :
_cebrary,
_d2009.
_nAvailable via World Wide Web.
_nAccess may be limited to ebrary affiliated libraries.
650 0 _aHealth insurance
_zBulgaria
_xEconometric models.
_9276895
650 0 _aHealth care reform
_zBulgaria
_xEconometric models.
_9276896
650 0 _aMedical policy
_zBulgaria
_xEconometric models.
_9276897
655 7 _aElectronic books.
_2local
_9201578
710 2 _aIMF Institute.
_9276898
710 2 _aebrary, Inc.
_925628
856 4 0 _uhttps://ezproxy.taylors.edu.my/login?url=http://site.ebrary.com/lib/taylorscollege/Doc?id=10302923
_zAn electronic book accessible through the World Wide Web; click to view
999 _c59645